000 009320000a22002170004500
001 002695
003 OSt
005 20120320163335.0
008 110511t xxu||||| |||| 00| 0 eng d
020 _a16844874
040 _aPurchase
082 _a348.042 EAS
245 _aThe East Africa law reports 1965 /
260 _bLaw Africa
_cc2002
650 _acases
_aEast Africa
_alaws
_areports
_93918
653 _aLaw
942 _cLRT
_2ddc
999 _c1777
_d1777